000 00609 a2200169 4500
999 _c9531
_d9531
020 _a9783828842342
050 _aGN 345.6 CHI 2018
100 1 _aChingwendere, Fungai B.
_eauthor
245 1 0 _aTowards intercultural communication congruence in Sino-African organisational contexts /
_cFungai B. Chingwendere
264 1 _aBaden-Baden [Germany] :
_bTectum Verlag,
_c2018
300 _a282p. ;
500 _aIncludes bibliographical references
504 _aIncludes bibliographical references
650 0 _aIntercultural communication
_xResearch.
650 0 _aAcculturation
942 _2lcc
_cBK
_h345.6
_iCHI
_kGN